| 000 | 01030nam a2200253Ia 4500 | ||
|---|---|---|---|
| 001 | 18292 | ||
| 003 | GE_BSU | ||
| 008 | 181216s||||||||xx |||||||||||||| ||und|| | ||
| 020 | _a978-99940-875-9-4 | ||
| 040 | _cGE_BSU | ||
| 080 | _a339.924 + 330.1 + 316.22(479.22) | ||
| 100 | _aასათიანი, როზეტა | ||
| 245 | _aგლობალიზაცია, ეკონომიკური თეორია და საქართველო | ||
| 245 | _cმეცნ.-რედ. იაკობ მესხია | ||
| 260 | _aთბილისი | ||
| 260 | _bსიახლე | ||
| 260 | _c2010 | ||
| 300 | _a84 გვ. ; 20 სმ. | ||
| 300 | _eრეზ. ინგლ.. - ბიბლიოგრ. ტექსტ. შენიშვნ. და გვ. 75-82. | ||
| 541 | _h9 Gel. | ||
| 653 | _aგლობალიზაცია, ეკონომიკური თეორია და საქართველო | ||
| 653 | _aეკონომიკა | ||
| 942 | _cBK | ||
| 999 |
_c51323 _d51323 |
||